Sports Quiz

Random Sports or World Quiz

World cup quiz Stats

 Plays Quiz not verified by Sporcle

Support Sporcle.
Go Orange.
Score 0/19 Timer 03:00
0 Plays Today
year % Correct
1958Brazil
99.2%
1962Brazil
99.2%
1970Brazil
99.2%
1994Brazil
99.2%
2002Brazil
99.2%
1934Italy
98.5%
1938Italy
98.5%
1982Italy
98.5%
2006Italy
98.5%
1998France
98%
year % Correct
1966England
95.7%
1978Argentina
93.9%
1986Argentina
93.9%
1930Uruguay
87.6%
1950Uruguay
87.6%
1954West Germany
85.8%
1974West Germany
85.8%
1990West Germany
85.8%
2010Spain
43%

You're not logged in!

Compare scores with friends on all Sporcle quizzes.
OR
Log In

From the Vault

Famous Movie Children II

by MrChewypoo

These famous movie kids are just hangin' around all day not paying any rent. The nerve!
Remove Ads.
Support Sporcle.
Get the best of Sporcle when you Go Orange. This ad-free experience offers more features, more stats, and more fun while also helping to support Sporcle. Thank you for becoming a member.

Show Comments

Extras

Created Sep 26, 2009ReportNominate
Tags:World Quiz, cup, Winner

Top Quizzes Today


Score Distribution

Your Account Isn't Verified!

In order to create a playlist on Sporcle, you need to verify the email address you used during registration. Go to your Sporcle Settings to finish the process.

Report this User

Report this user for behavior that violates our Community Guidelines.

Details: